01643naa a2200301 i 45000010005000000030009000050050017000140080039000310400021000700410013000910800010001041000135001142450161002492460106004105000021005165200165005376500038007026500024007406550030007646500016007947000117008107000118009277110085010457730145011309420013012759990015012889520038013036851KOSZ 00520190606151716.0140707s1999 pl f |100 0 pol cBPKdKOSZ 005/EG apolbeng a621.91 aMUSIAŁ, Katarzyna.d1997 - .bPolitechnika Koszalińska - Wydział Elektroniki i Informatyki,cKatedra Inżynierii Komputerowej10aMożliwości wykorzystania metod sztucznej inteligencji w procesie mikroszlifowania plastycznego /cKatarzyna Adamko, Wojciech Musiał, Jarosław Plichta.31aThe possibilities of utilization of artificial inteligence methods in ductile-regime grinding process aDane z autopsji. aW pracy przedstawiono teoretyczne możliwości realizacji sterowania procesem mikroszlifowania plastycznego z wykorzystaniem hybrydowego systemu ekspertowego. 0aModelowanie i sterowanie rozmyte. 0aSystemy ekspertowe. 0aMateriały konferencyjne. 0aSzlifowanie1 aMUSIAŁ, Wojciech.d1997 - .bPolitechnika Koszalińska - Wydział Mechaniczny,cKatedra Inżynierii Produkcji1 aPLICHTA, Jarosław.d1996 - .bPolitechnika Koszalińska - Wydział Mechaniczny,cKatedra Inżynierii Produkcji22aNaukowa Szkoła Obróbki Ściernejn(22 ;d1999 ;cGdańsk - Jurata, Polska).0 iW :tXXII Naukowa Szkoła Obróbki Ściernej : Gdańsk-Jurata, 8-10 września 1999 : referaty. -d[Gdańsk] : WM PG, [1999]. -gs. 9-14 cROZ2UKD c6851d6851 00104070aBPKbBPKo102740yROZ